Statistics for Guess the Anime from these characters

Click here to take the quiz!

General Stats

  • This quiz has been taken 1,126 times
  • The average score is 11 of 20

Answer Stats

HintAnswer% Correct
Erwin, Jean, SashaAttack on titan
94%
Sakura, Kiba, GaaraNaruto
90%
Shanks, Zoro, AceOne Piece
87%
Todoroki, Bakugou, UrurakaMy Hero Academia
85%
Genos, Saitama, SonicOne Punch Man
83%
Leorio, Kurapika, GonHunter x Hunter
82%
Misa, Rem, RyukDeath Note
80%
Gohan, Trunks, CellDragon Ball Z
73%
Hinata, Daichi, KenmaHaikyuu!!
64%
Nagisa, Karasuma, ItonaAssassination classroom
50%
Hinami, Ayato, UtaTokyo Ghoul
38%
Suguro, Shima, RinBlue Exorcist
37%
Rin, Haruka, MakotoFree!
33%
Midorima, Kise, AomineKuroko no Basuke
33%
Haruhi, Kyoya, HikaruOuran Highschool Host Club
29%
Shinichi, Ryoko, MigiParasyte
29%
Elizabeth, Finnian, LauBlack Butler
24%
Hijikata, Kagura, ShinpachiGintama
21%
Kiyotaka, Makoto, ChihiroDanganronpa
14%
Virus, Kojaku, NoizDramatical Murder
9%

Score Distribution

Percentile by Number Answered

Percent of People with Each Score

Your Score History

You have not taken this quiz